000 00764nam a22002537a 4500
001 0011758
003 DO-SdBNP
005 20180209093112.0
007 0011758
008 161110b 1992 mx||||| |||| 00| 0 spa d
020 _a9789681844196
040 _aBPMSU
_bspa
_cBPMSU
082 _axxxxxxxx
_bxxxxxxxx
100 1 _aWeiss Pick, Arturo
245 1 4 _aLas aventuras de Alberto y su caña de pescar /
_cArturo Weiss Pick ; ilustración Victor Manuel Gutiérrez
260 _aMéxico :
_bNoriega,
_c1992.
300 _a20 p. :
_bil.,
_c20 cm.
490 1 _aPlaneando tu vida
700 1 _aGutiérrez, Victor Manuel,
_eil.
830 0 _aPlaneando tu vida
942 _2ddc
_cBK
945 _ainventariado, 2018 / dg
956 _aBTAVÁREZ
_b10
_c20161011
_d0011758
999 _c11894
_d11894